000 00308nam a2200145Ia 4500
005 20251222141834.0
008 251222s9999||||xx |||||||||||||| ||spa||
020 _a9562725324
082 _a750/B25
100 _aBarreda, Ernesto
245 0 _aBarreda
250 _a1ra.ed.
264 _bImax
942 _cLIB
999 _c7207
_d7207